A través de la llanura

Na minha lista:
Detalhes bibliográficos
Autor principal: Auel, Jean M (Author)
Formato: Livro
Idioma:espanhol
Publicado em: Buenos Aires Javier Vergara 1991
Edição:1a. ed
Colecção:Los Hijos de la Tierra
Assuntos:
Tags: Adicionar Tag
Sem tags, seja o primeiro a adicionar uma tag!

MARC

LEADER 00000cam a2200000 a 4500
001 UCE9465
003 CL-VaPUC
008 151022e19910000ag |||||||||||||||||spa|d
020 |a 9501510786 
082 0 4 |a 813  |b AUE  |2 21 
100 0 |a Auel, Jean M  |e author  |9 582306 
245 1 0 |a A través de la llanura 
250 |a 1a. ed 
300 |a 791 p 
942 |c BK 
945 |d 20151022 17:18:00  |a dcastane 
260 |a Buenos Aires  |b Javier Vergara  |c 1991 
650 7 |a NARRATIVA ESTADOUNIDENSE  |2 CL-VaPUC  |9 582307 
650 0 |a Novelas estadounidenses  |9 265217 
583 |a last modification  |c 20151022 17:18:00  |k Rodrigo Vera 
490 0 |a Los Hijos de la Tierra 
999 |c 361129  |d 361127 
952 |0 0  |1 0  |3 erb  |4 0  |6 813_000000000000000_AUE_1991  |7 0  |8 C  |9 471462  |a BIBCUR  |b BIBCUR  |i 5206650  |o 813 AUE 1991  |p 5206650  |r 2025-04-22  |w 2019-11-24  |y BK  |z Catalogado en:20151022  |k CAC